Canadian Cities - Sudden Death - Statistics

General Stats
  • This quiz has been taken 128 times
  • The average score is 8 of 16
Answers on the Grid
Answers color-coded by a green-red scale on the quiz's grid according to % correct below.
Medicine Hat
Moose Jaw
Yellowknife
Whitehorse
Corner Brook
Grande Prairie
Portage-la-Prairie
North Bay
Thunder Bay
Val d'Or
Labrador City
Prince Rupert
La Ronge
Red Deer
Williams Lake
Rouyn-Noranda
Whale Harbour
Lobster Bay
Huron Falls
St Edna
Mount Fairway
Copper Lake
Princess Margaret
Bison Pass
 
Answer Stats
Answer % Correct
Yellowknife
84%
Thunder Bay
82%
Whitehorse
79%
Moose Jaw
75%
Medicine Hat
65%
Red Deer
62%
Labrador City
56%
Prince Rupert
53%
North Bay
48%
Grande Prairie
46%
Portage-la-Prairie
40%
Val d'Or
40%
Corner Brook
31%
Rouyn-Noranda
27%
Williams Lake
22%
La Ronge
19%
No matching quizzes found
Score Distribution
Percent of People with Each Score
Percentile by Number Answered
Your Score History
You have not taken this quiz